Catálogo

LA REVOLUCION NEGRA EN LOS EE. UU. (Registro nro. 59210)

Detalles MARC
000 -LEADER
fixed length control field 00407nam a2200157 a 4500
001 - CONTROL NUMBER
control field 59210
005 - DATE AND TIME OF LATEST TRANSACTION
control field 20180714060114.0
008 - FIXED-LENGTH DATA ELEMENTS--GENERAL INFORMATION
fixed length control field 140415s1970 sp 000 0 spa d
041 ## - LANGUAGE CODE
Language code of text/sound track or separate title spa
082 ## - DEWEY DECIMAL CLASSIFICATION NUMBER
Classification number 800
Item number EDI
100 1# - MAIN ENTRY--PERSONAL NAME
Personal name CALDERAZZI, A. MASSIMO
245 13 - TITLE STATEMENT
Title LA REVOLUCION NEGRA EN LOS EE. UU.
250 ## - EDITION STATEMENT
Edition statement 1a ed.
260 ## - PUBLICATION, DISTRIBUTION, ETC.
Place of publication, distribution, etc. ESPAÑA :
Name of publisher, distributor, etc. BRUGUERA,
Date of publication, distribution, etc. 1970
650 14 - SUBJECT ADDED ENTRY--TOPICAL TERM
Topical term or geographic name entry element NEGROS EN EUA
Existencias
Withdrawn status Lost status Source of classification or shelving scheme Damaged status Not for loan Collection code Home library Current library Shelving location Date acquired Source of acquisition Inventory number Total Checkouts Full call number Barcode Date last seen Date last checked out Price effective from Koha item type
    Dewey Decimal Classification     General Biblioteca Karol Wojtyla Biblioteca Karol Wojtyla Área de silencio 03/12/2013 Compra 151000000000000000031439   800 EDI 89530 05/01/2026 30/08/2017 03/12/2013 Libro